000 01099cab a2200241 4500
001 ABS68772
008 050214n2005 000 0 eng u
035 _a(Sirsi) u128760
100 _aSchopen, F.
245 _aPathfinders face long haul
260 _c2005
490 _aPlanning (for the Natural and Built Environment)
_v(1604) 28 January 2005, 19(1)
520 _aReviews the progress of the government housing market renewal initiative and looks at the cautious assessment by experts of its success so far and the emerging problems. The nine pathfinders have a huge task over a 10 to 15 year period in tackling housing blight in the Midlands and northern England. An ODPM select committee inquiry is to be convened to scrutinise the initiative including the issue of private sector involvement in the pathfinders'long term planning.
590 _aABS
590 _aRKA
650 _aMARKET RENEWAL PATHFINDER AREAS
650 _aREGENERATION PROGRAMMES
650 _aHOUSING-MARKET
650 _aMIDLANDS
650 _aNORTHERN ENGLAND
690 _aREGENERATION
942 _n0
999 _c74790
_d74790